Eminem Songs - Sudden Death - Statistics

General Stats
  • This quiz has been taken 159 times
  • The average score is 8 of 10
Answers on the Grid
Answers color-coded by a green-red scale on the quiz's grid according to % correct below.
25 to Life
Bleeding Through the Notebook
Born Out of Static
Broken Script Reloaded
Echoes of a Broken Fame
Evil Deeds
Legacy
Like Toy Soldiers
Lines I Shouldn’t Have Written
Lose My Mind Again
Lose Yourself
Mirror of the Unseen Me
Monster Behind My Smile
My Own Worst Enemy Inside
My Shadow’s Shadow
Not Afraid
Paper Crown Warfare
Rap God
Rhythm of a Shattered Home
Running From Yesterday
Sharp Tongue Renaissance
The Ghost in the Headphones
The Last Apology Letter
The Quietest Loud Thoughts
The Real Slim Shady
Throwing Punchlines at Shadows
Till I Collapse
Under the Neon Spotlight
Without Me
Words That Burn Holes
 
Answer Stats
Answer % Correct
Lose Yourself
97%
The Real Slim Shady
91%
Not Afraid
88%
Rap God
88%
Without Me
88%
Like Toy Soldiers
84%
Till I Collapse
81%
Legacy
52%
25 to Life
50%
Evil Deeds
48%
No matching quizzes found
Score Distribution
Percent of People with Each Score
Percentile by Number Answered
Your Score History
You have not taken this quiz